000 00652nam a22002177a 4500
999 _c6553
_d6553
003 AR-CdUCM
008 190318b ||||| |||| 00| 0 spa d
020 _a84-494-0526-2
040 _aMUNICIPALIDAD PROVINCIAL DEL CUSCO
_cBIBLIOTECA MUNICIPAL DEL CUSCO
082 _a030 /
_bOC28
110 _aOcéano
_918496
245 _aAnuario Océano 1996 /
260 _aBarcelona :
_bOcéano Grupo Editorial,
_c1997.
300 _a398 paginas ;
_bIlustraciones,
_c30 cm.
505 _aDiccionario enciclopédico
650 _aDiccionario
_95196
650 _aAnuarios
_918497
700 _aD'Angelo, Graciela
_918498
942 _2ddc
_cLIBROS
945 _aacv